Statistics for Geography by Letter on the Map of Africa - A

Click here to take the quiz!

General Stats

  • This quiz has been taken 8,727 times
  • The average score is 8 of 15

Answers on the Map

Answers color-coded by a green-red scale on the quiz's map according to % correct below.
 

Answer Stats

Answer% Correct
Algeria
98%
Angola
97%
Alexandria
89%
Antananarivo
77%
Atlas Mountains
76%
Accra
73%
Arabian Sea
69%
Abidjan
51%
Gulf of Aden
47%
Aswan
32%
Lake Albert
17%
Alboran Sea
13%
Cape Agulhas
10%
Abuye Meda
2%
Amba Alagi
2%

Score Distribution

Percentile by Number Answered

Percent of People with Each Score

Your Score History

You have not taken this quiz